| 000 | 03523nam0a2200469 4500 | ||
|---|---|---|---|
| 001 | RU\NLR\BIBL_A\012457627 | ||
| 005 | 20210427135940.0 | ||
| 010 |
_a978-5-906958-92-1 _9100 |
||
| 021 |
_aRU _bКН-П-20-064748 _9КН-П-20-4860 |
||
| 035 | _a(NLR Aleph) 012457627 | ||
| 035 | _a(RuMoRGB)010455857 | ||
| 090 |
_a12008088 _c12008088 |
||
| 100 | _a20210219d2019 k y0rusy50 ca | ||
| 101 | 0 |
_arus _abak _achi |
|
| 102 | _aRU | ||
| 105 | _aach|z|||000zy | ||
| 181 | 0 |
_ai _baxxe |
|
| 182 | 0 | _an | |
| 200 | 1 |
_aЯзыкознание, литература и гуманитарные науки народов Евразии: прошлое, настоящее, будущее _eматериалы Всероссийской научно-практической конференции с международным участием, посвящённой 90-летию доктора филологических наук, чл.-корр. АН РБ, профессора Т. М. Гарипова, [г. Уфа], 03 октября 2018 _fМинобрнауки России, Министерство образования Республики Башкортостан, Академия наук Республики Башкортостан , Федеральное государственное бюджетное образовательное учреждение высшего образования "Башкирский государственный педагогический университет им. М. Акмуллы", Институт филологического образования и межкультурных коммуникаций |
|
| 203 |
_aТекст _bвизуальный _cнепосредственный |
||
| 210 |
_aУфа _cИзд-во БГПУ _d2019 |
||
| 215 |
_a197 с. _cил., портр., факс., табл. _d21 |
||
| 300 | _aТекст баш., китай., рус. | ||
| 320 | _aБиблиогр. в конце ст. | ||
| 600 | 1 |
_aГарипов _bТ.М. _gТалмас Магсумович _f1928 _2nlr_sh2 _3RU\NLR\AUTH\66267297 |
|
| 606 | 1 |
_aФилология _jСъезды, совещания и т.п _2nlr_sh2 _3RU\NLR\AUTH\6619068 |
|
| 606 | 1 |
_aРусский язык _xПреподавание _jСъезды, совещания и т.п _2nlr_sh2 _3RU\NLR\AUTH\66501240 |
|
| 686 | 1 | _aШ.я434 | |
| 686 | 1 | _aШ1г(2=Баш)7дГарипов | |
| 686 | 1 | _aЧ489.64(2Р)7-8Гарипов | |
| 686 | 1 | _aЧ486.13(2Р)я431 | |
| 686 | 1 | _aЧ426.13(2Р)я431 | |
| 702 | 1 |
_aГарипов _bТ.М. _f1928- _gТалмас Магсумович _3RU\NLR\auth-onl\77833 _4280 |
|
| 711 | 1 | 2 |
_a"Языкознание, литература и гуманитарные науки народов Евразии: прошлое, настоящее, будущее", всероссийская научно-практическая конференция с международным участием _f2018 _eУфа _3RU\NLR\AUTH\880537005 |
| 712 | 0 | 2 |
_aБашкирский государственный педагогический университет им. М. Акмуллы _cУфа _bИнститут филологического образования и межкультурных коммуникаций _3RU\NLR\AUTH\880467992 _4570 |
| 942 | _cBOOK | ||
| 980 | _aNBR | ||
| 980 | _aNB | ||